000 00706nam a22002177a 4500
003 UA-OsUOA
001 100847
007 ta
008 20130603b un ||||| |||| 00| 0 ukr d
100 _aЮрчишина О.
090 _a82
_bЮ83
942 _cSA
040 _aUA-OsUOA
_bukr
_cUA-OsUOA
_dUA-OsUOA
245 _aРуданський і Шевченко Тема літературного та біографічного зв'язку двох митців потребує грунтовного дослідження
300 _aС.12
955 _a0
041 _aukr
080 _a82
773 0 _w100846
650 7 _a82 Література. Літературознавство
_2UDC
999 _c386718
_d386718